[Event "SA-2015-0-00496"]
[Site "LSS email"]
[Date "2015.11.18"]
[Round "?"]
[White "Meissner, Ruediger"]
[Black "Wallach, Naor"]
[Result "1-0"]
[WhiteElo "2128"]
[BlackElo "2235"]
[PlyCount "99"]
[EventDate "2015.10.22"]
[EventType "tourn (corr)"]
[EventRounds "6"]
[EventCountry "GER"]
[SourceTitle "Corr 2022"]
[Source "ChessBase"]
[SourceDate "2021.10.24"]
[SourceVersion "1"]
[SourceVersionDate "2021.10.24"]
[SourceQuality "1"]

1. d4 Nf6 2. c4 g6 3. Nf3 Bg7 4. g3 0-0 5. Bg2 d6 6. Nc3 Nc6 7. 0-0 Nd7 8. Be3 Re8 9. Qd2 e5 10. b3 exd4 11. Nxd4 Nce5 12. Bh6 Bxh6 13. Qxh6 Ng4 14. Qf4 Ngf6 15. Rad1 a6 16. Rfe1 Rb8 17. e4 Ne5 18. Qe3 Neg4 19. Qd2 Nh5 20. h3 Ne5 21. f4 Nd7 22. g4 Ng7 23. f5 c6 24. Rf1 Qa5 25. Nf3 Rf8 26. Nd5 Qc5+ 27. Ne3 a5 28. Kh1 Ra8 29. Nc2 Nf6 30. Rfe1 Nd7 31. Qh6 f6 32. g5 gxf5 33. Ncd4 Rf7 34. Nxf5 Nxf5 35. exf5 Qxf5 36. Rxd6 Qg6 37. Qh4 Nf8 38. gxf6 Be6 39. Rdxe6 Nxe6 40. Rxe6 Qb1+ 41. Kh2 Qf5 42. Nd4 Qd3 43. Qf4 Kh8 44. Nf3 Qd7 45. Ng5 Kg8 46. Nxf7 Kxf7 47. Re7+ Qxe7 48. fxe7+ Kxe7 49. Qc7+ Kf6 50. Bxc6 1-0

[Event "SA-2015-0-00496"]
[Site "LSS email"]
[Date "2015.11.18"]
[Round "?"]
[White "Wallach, Naor"]
[Black "Jarabinsky, Martin"]
[Result "1/2-1/2"]
[WhiteElo "2235"]
[BlackElo "2210"]
[PlyCount "58"]
[EventDate "2015.10.22"]
[EventType "tourn (corr)"]
[EventRounds "6"]
[EventCountry "GER"]
[SourceTitle "Corr 2022"]
[Source "ChessBase"]
[SourceDate "2021.10.24"]
[SourceVersion "1"]
[SourceVersionDate "2021.10.24"]
[SourceQuality "1"]

1. d4 Nf6 2. c4 e6 3. Nf3 b6 4. a3 Bb7 5. Nc3 d5 6. cxd5 Nxd5 7. Qc2 Nxc3 8. bxc3 Bd6 9. e4 Nd7 10. Bd3 c5 11. 0-0 h6 12. Qe2 0-0 13. e5 Be7 14. Be3 Rc8 15. Rfd1 Qc7 16. a4 Bd5 17. Ba6 Rcd8 18. Bb5 Rc8 19. Nd2 Rfd8 20. Ba6 Bb7 21. Bd3 cxd4 22. cxd4 f5 23. exf6 Nxf6 24. h3 Qc6 25. Nf3 Qd5 26. Re1 Bb4 27. Rec1 Ne4 28. Bc4 Qf5 29. Nh4 Qf7 1/2-1/2

[Event "WC-2014-Q-00001"]
[Site "LSS email"]
[Date "2014.11.12"]
[Round "?"]
[White "Wallach, Naor"]
[Black "Oliveira, Diogo"]
[Result "0-1"]
[WhiteElo "2270"]
[BlackElo "2225"]
[PlyCount "120"]
[EventDate "2014.11.20"]
[EventType "tourn (corr)"]
[EventRounds "12"]
[EventCountry "GER"]
[SourceTitle "Corr 2022"]
[Source "ChessBase"]
[SourceDate "2021.10.24"]
[SourceVersion "1"]
[SourceVersionDate "2021.10.24"]
[SourceQuality "1"]

1. d4 Nf6 2. c4 g6 3. Nc3 Bg7 4. e4 d6 5. f3 0-0 6. Nge2 c5 7. d5 Nbd7 8. g4 Ne8 9. h4 a6 10. Ng3 b5 11. cxb5 Ne5 12. h5 c4 13. bxa6 Qb6 14. a4 Nc7 15. a5 Qc5 16. Be2 Nxa6 17. h6 Bh8 18. Nf1 Nb4 19. Be3 Qc7 20. Nd2 Ned3+ 21. Bxd3 Nxd3+ 22. Ke2 Ba6 23. Bb6 Qb7 24. Qa4 Nxb2 25. Qa3 Nd3 26. Rab1 Rfb8 27. Be3 Qc8 28. Rb6 Rxb6 29. Bxb6 Qf8 30. Kd1 Bf6 31. Ndb1 Bg5 32. Na2 c3 33. Nb4 Nxb4 34. Qxb4 Rc8 35. Kc2 e6 36. Qd4 e5 37. Qb4 Qe7 38. Rh2 Qf6 39. Kb3 Qxf3 40. Nxc3 Bc1 41. Rc2 Qf1 42. g5 Bc4+ 43. Ka4 Bd3 44. Kb3 Bxc2+ 45. Kxc2 Qe1 46. Bc7 Bd2 47. a6 Bxc3 48. Qxc3 Qxc3+ 49. Kxc3 Rxc7+ 50. Kb4 Rc1 51. Kb5 f6 52. gxf6 Kf7 53. Kb6 g5 54. a7 Ra1 55. Kb7 g4 56. a8Q Rxa8 57. Kxa8 g3 58. Kb7 g2 59. Kc6 g1Q 60. Kxd6 Qb6+ 0-1

[Event "WC-2014-S-00001"]
[Site "LSS email"]
[Date "2014.01.13"]
[Round "?"]
[White "Wallach, Naor"]
[Black "Baklanov, Valentin"]
[Result "1-0"]
[WhiteElo "2219"]
[BlackElo "2383"]
[PlyCount "43"]
[EventDate "2018.02.10"]
[EventType "tourn (corr)"]
[EventRounds "12"]
[EventCountry "GER"]
[SourceTitle "Corr 2022"]
[Source "ChessBase"]
[SourceDate "2021.10.24"]
[SourceVersion "1"]
[SourceVersionDate "2021.10.24"]
[SourceQuality "1"]

1. d4 Nf6 2. c4 e6 3. Nf3 d5 4. g3 Be7 5. Bg2 0-0 6. 0-0 dxc4 7. Qa4 a6 8. Qxc4 b5 9. Qc2 Bb7 10. Bd2 Be4 11. Qc1 Bb7 12. Rd1 Qc8 13. Be3 Nbd7 14. Nbd2 Rd8 15. Qc2 h6 16. Rac1 Nd5 17. Nb3 Nxe3 18. fxe3 c5 19. Na5 Bd5 20. e4 Bb7 21. e5 Ra7 22. Nxb7 1-0

[Event "CP-2011-Q-00009"]
[Site "LSS email"]
[Date "2013.01.14"]
[Round "?"]
[White "Vertongen, Willy"]
[Black "Wallach, Naor"]
[Result "1-0"]
[WhiteElo "2166"]
[BlackElo "2207"]
[PlyCount "91"]
[EventDate "2013.01.20"]
[EventType "tourn (corr)"]
[EventRounds "6"]
[EventCountry "GER"]
[SourceTitle "Telechess CBM 163"]
[Source "ChessBase"]
[SourceDate "2014.11.11"]
[SourceVersion "2"]
[SourceVersionDate "2014.11.11"]
[SourceQuality "1"]

1. e4 c5 2. Nf3 Nc6 3. d4 cxd4 4. Nxd4 Nf6 5. Nc3 d6 6. Bg5 e5 7. Bxf6 gxf6 8. Nf5 Bxf5 9. exf5 Nd4 10. Bc4 Rc8 11. Bd5 Qd7 12. 0-0 Be7 13. f4 Rg8 14. Qh5 Rg7 15. Rad1 Rc5 16. fxe5 dxe5 17. Be4 Kf8 18. Kh1 Kg8 19. Rf3 Rg5 20. Qh6 Bf8 21. Qxf6 h6 22. Rg3 Rxg3 23. hxg3 b5 24. Qh4 b4 25. Qg4+ Kh8 26. Nd5 Rxd5 27. Bxd5 Qxd5 28. c3 Bg7 29. cxd4 exd4 30. Re1 Qd8 31. Qh4 Qxh4+ 32. gxh4 d3 33. Rd1 Bxb2 34. Rxd3 Kg7 35. Rd7 a5 36. Ra7 Bf6 37. g3 Bc3 38. Kg2 Be1 39. Kh3 h5 40. g4 hxg4+ 41. Kxg4 Bc3 42. Ra6 a4 43. Rxa4 Be1 44. Ra6 Bc3 45. Rb6 Kh7 46. Kg5 1-0

[Event "WC-2015-Q-00008"]
[Site "LSS email"]
[Date "2012.09.11"]
[Round "?"]
[White "Jarabinsky, Martin"]
[Black "Wallach, Naor"]
[Result "1/2-1/2"]
[WhiteElo "2164"]
[BlackElo "2215"]
[PlyCount "56"]
[EventDate "2012.09.17"]
[EventType "tourn (corr)"]
[EventRounds "10"]
[EventCountry "GER"]
[SourceTitle "Telechess CBM 163"]
[Source "ChessBase"]
[SourceDate "2014.11.11"]
[SourceVersion "2"]
[SourceVersionDate "2014.11.11"]
[SourceQuality "1"]

1. e4 c5 2. Nf3 Nc6 3. Bb5 e6 4. Bxc6 bxc6 5. d3 Ne7 6. h4 h5 7. e5 Nf5 8. Nbd2 f6 9. Ne4 d6 10. exd6 Nxd6 11. Nfd2 Nf5 12. b3 Be7 13. Nc4 Ba6 14. g3 Rb8 15. 0-0 Kf7 16. c3 g6 17. Re1 e5 18. Qe2 Re8 19. Rb1 Rb7 20. Ba3 Bxc4 21. bxc4 Rxb1 22. Rxb1 Qa5 23. Rb3 Rd8 24. Qf3 a6 25. Kg2 Rd7 26. Kg1 Rd8 27. Kf1 Re8 28. Qd1 Ra8 1/2-1/2

[Event "WC-2015-Q-00008"]
[Site "LSS email"]
[Date "2012.09.11"]
[Round "?"]
[White "Noire, Eric"]
[Black "Wallach, Naor"]
[Result "0-1"]
[WhiteElo "2242"]
[BlackElo "2215"]
[PlyCount "22"]
[EventDate "2012.09.17"]
[EventType "tourn (corr)"]
[EventRounds "10"]
[EventCountry "GER"]
[SourceTitle "Corr 2015"]
[Source "ChessBase"]
[SourceDate "2015.07.17"]
[SourceVersion "1"]
[SourceVersionDate "2015.07.17"]
[SourceQuality "1"]

1. d4 Nf6 2. c4 g6 3. Nc3 Bg7 4. e4 d6 5. Bd3 0-0 6. Nge2 Nc6 7. 0-0 Nd7 8. Be3 e5 9. d5 Ne7 10. Qd2 a5 11. a3 f5 0-1

[Event "CP-2011-P-00030"]
[Site "LSS email"]
[Date "2011.09.30"]
[Round "?"]
[White "Franks, Keith"]
[Black "Wallach, Naor"]
[Result "1/2-1/2"]
[WhiteElo "2078"]
[BlackElo "2235"]
[PlyCount "98"]
[EventDate "2011.10.01"]
[EventType "tourn (corr)"]
[EventRounds "6"]
[EventCountry "GER"]
[SourceTitle "Telechess CBM 165"]
[Source "ChessBase"]
[SourceDate "2015.03.11"]
[SourceVersion "1"]
[SourceVersionDate "2015.03.11"]
[SourceQuality "1"]

1. e4 c5 2. Nf3 Nc6 3. d4 cxd4 4. Nxd4 Nf6 5. Nc3 e5 6. Ndb5 d6 7. Bg5 a6 8. Bxf6 gxf6 9. Na3 b5 10. Nd5 Bg7 11. c4 0-0 12. cxb5 Nd4 13. Bc4 f5 14. exf5 Bxf5 15. 0-0 Qg5 16. f3 axb5 17. Nxb5 Nxb5 18. Bxb5 Rfc8 19. Ba4 Be6 20. Bb3 Ra5 21. Qd3 Rcc5 22. Nc3 d5 23. Rad1 Bf5 24. Qe2 Qd8 25. f4 e4 26. Nxe4 Qe7 27. Nc3 Qxe2 28. Nxe2 Bxb2 29. h3 Bg7 30. g4 Be4 31. Rf2 Bc2 32. Rd2 Bxb3 33. axb3 Rcb5 34. Rf3 h6 35. Ng3 Ra3 36. Kg2 d4 37. Nf5 Rbxb3 38. Nxd4 Bxd4 39. Rxb3 Rxb3 40. Rxd4 Kg7 41. Rd5 Rb2+ 42. Kg3 Rb3+ 43. Kh4 Rf3 44. f5 Kf6 45. Rd4 Kg7 46. Rd1 h5 47. Rd7 hxg4 48. hxg4 Rf1 49. Rb7 Ra1 1/2-1/2

[Event "CP-2008-S-00002"]
[Site "LSS email"]
[Date "2011.05.30"]
[Round "?"]
[White "Wallach, Naor"]
[Black "Belanoff, Stuart B"]
[Result "1/2-1/2"]
[WhiteElo "2242"]
[BlackElo "2277"]
[PlyCount "62"]
[EventDate "2011.05.14"]
[EventType "tourn (corr)"]
[EventRounds "6"]
[EventCountry "GER"]
[SourceTitle "Telechess CBM 155"]
[Source "ChessBase"]
[SourceDate "2013.07.16"]
[SourceVersion "1"]
[SourceVersionDate "2013.07.16"]
[SourceQuality "1"]

1. d4 g6 2. e4 Bg7 3. c4 c5 4. d5 d6 5. Nc3 e5 6. Be2 a6 7. Nf3 Nf6 8. 0-0 0-0 9. Ne1 Qe7 10. h3 Nbd7 11. Bg5 Rb8 12. Qd2 Re8 13. a4 b6 14. Nd3 Qd8 15. b3 Kh8 16. Rfb1 Kg8 17. Bf3 Qc7 18. Ra2 Kh8 19. Rab2 Bb7 20. Be3 Rf8 21. b4 cxb4 22. Rxb4 Ba8 23. Kh2 Rfc8 24. Qc2 Bf8 25. Kg1 Kg8 26. R4b3 h5 27. Nb4 Bb7 28. Be2 Nc5 29. R3b2 Nfd7 30. Qd1 Be7 31. Bf3 Bf6 1/2-1/2

[Event "CP-2007-S-00003"]
[Site "LSS email"]
[Date "2010.04.06"]
[Round "?"]
[White "Wallach, Naor"]
[Black "Dutra Neto, Alfredo Carlos S"]
[Result "1/2-1/2"]
[WhiteElo "2202"]
[BlackElo "2462"]
[PlyCount "54"]
[EventDate "2010.04.09"]
[EventType "tourn (corr)"]
[EventRounds "6"]
[EventCountry "GER"]
[SourceTitle "Telechess CBM 141"]
[Source "ChessBase"]
[SourceDate "2011.03.17"]
[SourceVersion "1"]
[SourceVersionDate "2011.03.17"]
[SourceQuality "1"]

1. d4 d5 2. c4 c6 3. Nc3 Nf6 4. e3 e6 5. Nf3 Nbd7 6. Qc2 Bd6 7. Bd3 dxc4 8. Bxc4 0-0 9. 0-0 b5 10. Bd3 Bb7 11. Rd1 a6 12. Ne5 Qc7 13. Nxd7 Nxd7 14. Bxh7+ Kh8 15. Be4 f5 16. Bf3 Bxh2+ 17. Kf1 c5 18. Bxb7 Qxb7 19. Qe2 Bd6 20. e4 cxd4 21. exf5 dxc3 22. Rxd6 Rxf5 23. bxc3 Qc7 24. Qxe6 Raf8 25. Be3 Nc5 26. Bxc5 Qxc5 27. f3 R5f6 1/2-1/2

[Event "LSS WC-2014-P-00025"]
[Site "LSS email"]
[Date "2010.02.18"]
[Round "?"]
[White "Wallach, Naor"]
[Black "Biro, Istvan Jr"]
[Result "1/2-1/2"]
[WhiteElo "2211"]
[BlackElo "1800"]
[PlyCount "50"]
[EventDate "2010.02.24"]
[EventType "tourn (corr)"]
[EventRounds "6"]
[EventCountry "GER"]
[SourceTitle "Telechess CBM 141"]
[Source "ChessBase"]
[SourceDate "2011.03.17"]
[SourceVersion "1"]
[SourceVersionDate "2011.03.17"]
[SourceQuality "1"]

1. d4 d5 2. c4 c6 3. Nc3 dxc4 4. e4 b5 5. a4 b4 6. Nb1 Ba6 7. Qc2 Qxd4 8. Nf3 Qd6 9. Be3 b3 10. Qc3 e6 11. Bd4 f6 12. Nfd2 e5 13. Be3 Qb4 14. Nxc4 Nd7 15. Nbd2 Qxc3 16. bxc3 Bxc4 17. Bxc4 b2 18. Ra2 Bc5 19. Ke2 Bxe3 20. Kxe3 Nh6 21. Rb1 Nf7 22. Bxf7+ Kxf7 23. Raxb2 Kg6 24. g3 Rhd8 25. Rb4 a5 1/2-1/2

[Event "LSS WC-2014-P-00025"]
[Site "LSS email"]
[Date "2010.02.18"]
[Round "?"]
[White "Wallach, Naor"]
[Black "Rudenko, Vitaliy"]
[Result "1-0"]
[WhiteElo "2217"]
[BlackElo "2206"]
[PlyCount "45"]
[EventDate "2010.02.24"]
[EventType "tourn (corr)"]
[EventRounds "6"]
[EventCountry "GER"]
[SourceTitle "Telechess CBM 145"]
[Source "Chessbase"]
[SourceDate "2011.11.11"]
[SourceVersion "1"]
[SourceVersionDate "2011.11.11"]
[SourceQuality "1"]

1. d4 Nf6 2. c4 g6 3. Nc3 Bg7 4. e4 d6 5. f3 0-0 6. Nge2 c5 7. d5 Nbd7 8. g4 Ne5 9. Ng3 Ne8 10. Be2 Nc7 11. f4 Nd7 12. Be3 a6 13. a4 a5 14. h4 Na6 15. Qd2 Nb4 16. h5 Nb6 17. Kf2 Bd7 18. Nb5 Bxb5 19. axb5 Nd7 20. Kg2 Re8 21. hxg6 hxg6 22. f5 Ne5 23. Rh3 1-0

[Event "CP-2008-Q-00018"]
[Site "LSS email"]
[Date "2010.01.10"]
[Round "?"]
[White "Cornell, David"]
[Black "Wallach, Naor"]
[Result "0-1"]
[WhiteElo "1817"]
[BlackElo "2210"]
[PlyCount "102"]
[EventDate "2010.01.15"]
[EventType "tourn (corr)"]
[EventRounds "6"]
[EventCountry "GER"]
[SourceTitle "Telechess CBM 141"]
[Source "ChessBase"]
[SourceDate "2011.03.17"]
[SourceVersion "1"]
[SourceVersionDate "2011.03.17"]
[SourceQuality "1"]

1. d4 Nf6 2. Nf3 e6 3. e3 c5 4. c4 cxd4 5. exd4 b6 6. Nc3 Bb4 7. Bd3 Bb7 8. 0-0 0-0 9. Bd2 d5 10. cxd5 Nxd5 11. Rc1 Nd7 12. Re1 h6 13. Qe2 Nxc3 14. bxc3 Bd6 15. Bc2 Re8 16. Qd3 f5 17. Re2 Nf6 18. Ne5 Be4 19. Qh3 Bxc2 20. Rxc2 Bxe5 21. Rxe5 Rc8 22. Rc1 Qc7 23. f3 Qc4 24. Qg3 Kf7 25. Qe1 a6 26. a3 b5 27. h3 Nd7 28. Re2 Nb6 29. h4 Qc7 30. g4 Nc4 31. Kg2 fxg4 32. fxg4 e5 33. dxe5 Nxe5 34. Kh3 Nc4 35. Bf4 Qc6 36. Qf2 Rxe2 37. Qxe2 Nxa3 38. g5 Re8 39. Qf2 hxg5 40. Bd6+ Kg6 41. Qg3 Nc4 42. Qxg5+ Kh7 43. Bf4 a5 44. Rg1 Qf3+ 45. Rg3 Qh1+ 46. Kg4 Rf8 47. Qe7 Rf6 48. h5 Qd5 49. Kh3 Rf7 50. Qg5 Qxg5 51. Bxg5 a4 0-1

[Event "CP-2008-Q-00018"]
[Site "LSS email"]
[Date "2010.01.10"]
[Round "?"]
[White "Wallach, Naor"]
[Black "Fages, Jorge Juan"]
[Result "1/2-1/2"]
[WhiteElo "2211"]
[BlackElo "2183"]
[PlyCount "62"]
[EventDate "2010.01.15"]
[EventType "tourn (corr)"]
[EventRounds "6"]
[EventCountry "GER"]
[SourceTitle "Telechess CBM 147"]
[Source "ChessBase"]
[SourceDate "2012.03.16"]
[SourceVersion "1"]
[SourceVersionDate "2012.03.16"]
[SourceQuality "1"]

1. d4 Nf6 2. c4 e6 3. Nf3 b6 4. a3 d5 5. Nc3 Be7 6. cxd5 exd5 7. Bf4 0-0 8. e3 Bb7 9. Be2 Nh5 10. Be5 Nd7 11. 0-0 f6 12. Bg3 Nxg3 13. hxg3 f5 14. b4 c6 15. Qb3 b5 16. e4 fxe4 17. Nxe4 a5 18. Nc5 Nxc5 19. bxc5 Bf6 20. Rae1 Qc7 21. Bd3 g6 22. Qc2 Rad8 23. Re3 Bg7 24. Rfe1 Bc8 25. Qc3 Bd7 26. Ne5 Bxe5 27. Rxe5 Rde8 28. Qc2 Kg7 29. Re7+ Rxe7 30. Rxe7+ Rf7 31. Re3 Rf8 1/2-1/2

[Event "CP-2008-Q-00018"]
[Site "LSS email"]
[Date "2010.01.10"]
[Round "?"]
[White "Wallach, Naor"]
[Black "Mueller, Michael"]
[Result "1/2-1/2"]
[WhiteElo "2210"]
[BlackElo "2185"]
[PlyCount "114"]
[EventDate "2010.01.15"]
[EventType "tourn (corr)"]
[EventRounds "6"]
[EventCountry "GER"]
[SourceTitle "Telechess CBM 141"]
[Source "ChessBase"]
[SourceDate "2011.03.17"]
[SourceVersion "1"]
[SourceVersionDate "2011.03.17"]
[SourceQuality "1"]

1. d4 Nf6 2. c4 g6 3. Nc3 d5 4. cxd5 Nxd5 5. e4 Nxc3 6. bxc3 Bg7 7. Nf3 c5 8. Rb1 0-0 9. Be2 b6 10. 0-0 Bb7 11. Qd3 e6 12. Bg5 Qc7 13. Qe3 Nd7 14. h3 Rac8 15. Rfd1 cxd4 16. cxd4 Qc3 17. Bd3 Qa3 18. Qe2 Nb8 19. Rb3 Qa4 20. Rdb1 Ba6 21. Bxa6 Nxa6 22. Qd3 Nb8 23. Ra3 Qd7 24. d5 h6 25. Bf4 exd5 26. exd5 Rfd8 27. Rd1 Rc5 28. Qd2 g5 29. Bxb8 Rxb8 30. d6 Rc6 31. Rd3 Re8 32. Rc1 Re2 33. Qxe2 Rxc1+ 34. Kh2 Rc8 35. g3 Rd8 36. h4 g4 37. Nd2 Qb5 38. Qe4 Qe5 39. Rd5 Qxe4 40. Nxe4 f6 41. f3 gxf3 42. g4 Kf7 43. Kg3 f2 44. Kxf2 Ke6 45. Rf5 Rc8 46. Rf3 Rc1 47. Rd3 Kd7 48. Ra3 a5 49. Rb3 Rc6 50. h5 a4 51. Rb4 a3 52. Rb3 Bf8 53. Rxa3 Bxd6 54. Rd3 Ke6 55. Nxd6 Rxd6 56. Rxd6+ Kxd6 57. Ke3 Ke5 1/2-1/2

[Event "LSS CP-2009-P-00054"]
[Site "LSS email"]
[Date "2009.09.27"]
[Round "?"]
[White "Martucci, Massimo"]
[Black "Wallach, Naor"]
[Result "1/2-1/2"]
[WhiteElo "1945"]
[BlackElo "2189"]
[PlyCount "79"]
[EventDate "2009.10.01"]
[EventType "tourn (corr)"]
[EventRounds "6"]
[EventCountry "GER"]
[SourceTitle "Telechess CBM 141"]
[Source "ChessBase"]
[SourceDate "2011.03.17"]
[SourceVersion "1"]
[SourceVersionDate "2011.03.17"]
[SourceQuality "1"]

1. Nf3 Nf6 2. c4 g6 3. d4 Bg7 4. g3 0-0 5. Bg2 d6 6. 0-0 Nc6 7. Nc3 Rb8 8. Re1 a6 9. Rb1 Na5 10. Qa4 b6 11. c5 Qe8 12. Qxe8 Rxe8 13. cxb6 cxb6 14. e4 Bb7 15. e5 Nd5 16. Nxd5 Bxd5 17. Bf4 Bxa2 18. Ra1 Bb3 19. Nd2 dxe5 20. dxe5 Red8 21. Nxb3 Nxb3 22. Rxa6 Nc5 23. Raa1 Nd3 24. Red1 Nxf4 25. gxf4 e6 26. Bc6 Rxd1+ 27. Rxd1 Rc8 28. Bf3 Rc2 29. Rd8+ Bf8 30. b3 Kg7 31. Kf1 Bb4 32. Be2 Rb2 33. Rd3 Bd2 34. Rf3 Rb1+ 35. Kg2 Kf8 36. Bc4 Ke7 37. Be2 h6 38. h4 h5 39. Bb5 Bb4 40. Bc6 1/2-1/2

[Event "LSS CP-2009-P-00054"]
[Site "LSS email"]
[Date "2009.09.27"]
[Round "?"]
[White "Wallach, Naor"]
[Black "Kalyoncuoglu, Ozgur"]
[Result "1/2-1/2"]
[WhiteElo "2204"]
[BlackElo "1919"]
[PlyCount "139"]
[EventDate "2009.10.01"]
[EventType "tourn (corr)"]
[EventRounds "6"]
[EventCountry "GER"]
[SourceTitle "Telechess CBM 141"]
[Source "ChessBase"]
[SourceDate "2011.03.17"]
[SourceVersion "1"]
[SourceVersionDate "2011.03.17"]
[SourceQuality "1"]

1. d4 Nf6 2. c4 e6 3. Nf3 d5 4. g3 dxc4 5. Bg2 Nc6 6. Qa4 Bb4+ 7. Bd2 Nd5 8. Bxb4 Ndxb4 9. Nc3 Bd7 10. 0-0 a6 11. Ne5 b5 12. Qa3 Rb8 13. Nxc6 Nxc6 14. Qc5 Rb6 15. a4 Na5 16. axb5 Nb3 17. Qe5 f6 18. Qh5+ g6 19. Qh6 Nxa1 20. Rxa1 axb5 21. Qg7 Rf8 22. Qxh7 b4 23. Nd1 Bc6 24. Bxc6+ Rxc6 25. d5 exd5 26. Qxg6+ Rf7 27. Ne3 Kf8 28. Ra5 Rd7 29. Qh5 Kg8 30. Nxd5 c3 31. bxc3 bxc3 32. Ne3 Rg7 33. Qb5 Rg5 34. Qxc6 Rxa5 35. Qxc3 Qa8 36. f3 Qa6 37. Qxc7 Qxe2 38. Qxa5 Qxe3+ 39. Kg2 Qe2+ 40. Kh3 Qxf3 41. Qd8+ Kh7 42. Qd7+ Kh6 43. Qg4 Qd3 44. Kh4 Qd5 45. h3 Qc5 46. Qf4+ Kg7 47. Kg4 Qc8+ 48. Qf5 Qc4+ 49. Kh5 Qf7+ 50. Kh4 Qe7 51. Qg4+ Kh6 52. Qh5+ Kg7 53. Qf5 Kh6 54. Qh5+ Kg7 55. Qf3 Kg6 56. g4 f5+ 57. Kg3 Qc7+ 58. Kf2 Qc5+ 59. Qe3 Qxe3+ 60. Kxe3 fxg4 61. hxg4 Kg5 62. Kf3 Kg6 63. Kf4 Kf6 64. g5+ Kg6 65. Kg4 Kg7 66. Kf5 Kf7 67. g6+ Kg7 68. Kg5 Kg8 69. Kh6 Kh8 70. g7+ 1/2-1/2

[Event "LSS CP-2007-Q-00009"]
[Site "LSS email"]
[Date "2009.01.15"]
[Round "?"]
[White "Gretencord, Ulrich"]
[Black "Wallach, Naor"]
[Result "1/2-1/2"]
[WhiteElo "2017"]
[BlackElo "2183"]
[PlyCount "69"]
[EventDate "2009.01.15"]
[EventType "tourn (corr)"]
[EventRounds "6"]
[EventCountry "GER"]
[SourceTitle "Corr 2011"]
[Source "ChessBase"]
[SourceDate "2010.08.31"]
[SourceVersion "1"]
[SourceVersionDate "2010.08.31"]
[SourceQuality "1"]

1. d4 Nf6 2. c4 g6 3. Nc3 Bg7 4. e4 d6 5. Nf3 0-0 6. Be2 Na6 7. 0-0 e5 8. Be3 Ng4 9. Bg5 Qe8 10. dxe5 dxe5 11. h3 Nf6 12. Qc2 c6 13. Rad1 Qe7 14. Rd2 Nc5 15. Be3 Nh5 16. Rfd1 Nf4 17. Rd6 Nce6 18. c5 Ng5 19. Qd2 Nxe2+ 20. Qxe2 Nxf3+ 21. Qxf3 Re8 22. Qe2 Qc7 23. b3 Be6 24. Qf3 f6 25. Na4 Rad8 26. Nb2 Rxd6 27. cxd6 Qb8 28. h4 Rd8 29. h5 Rxd6 30. Rxd6 Qxd6 31. h6 Bh8 32. Bxa7 Qd2 33. Qd3 Qxd3 34. Nxd3 Kf7 35. f3 1/2-1/2